California Holds Her Breath (All Lyrics) - Ashton Irwin - Statistics

General Stats
  • This quiz has been taken 7 times
  • The average score is 174 of 215
Answer Stats
Answer % Correct
a
100%
And
100%
and
100%
At
100%
breath
100%
But
100%
but
100%
California
100%
can
100%
don't
100%
go
100%
her
100%
holds
100%
I
100%
in
100%
In
100%
is
100%
it
100%
It's
100%
me
100%
next
100%
of
100%
On
100%
on
100%
see
100%
She
100%
so
100%
that
100%
the
100%
to
100%
To
100%
was
100%
When
100%
Where
100%
While
100%
why
100%
you
100%
your
100%
you're
100%
ball
67%
bar
67%
bathroom
67%
blurry
67%
confession
67%
couldn't
67%
cry
67%
disco
67%
down
67%
face
67%
heart
67%
hiding
67%
know
67%
makeup
67%
off
67%
Off
67%
out
67%
reflected
67%
still
67%
Tell
67%
these
67%
they
67%
things
67%
tonight
67%
unclear
67%
underneath
67%
wall
67%
want
67%
with
67%
With
67%
Writing
67%
alone
33%
answers
33%
ask
33%
coast
33%
command
33%
dancer
33%
dancing
33%
feel
33%
flying
33%
future
33%
gate
33%
glitter
33%
grow
33%
heels
33%
Indiana
33%
kite
33%
mirror
33%
place
33%
Right
33%
safe
33%
secret
33%
show
33%
state
33%
stay,
33%
Straight
33%
teeth
33%
toe
33%
wanted
33%
wildflowers
33%
No matching quizzes found
Score Distribution
Percent of People with Each Score
Percentile by Number Answered
Your Score History
You have not taken this quiz